000 00423nam a22001817a 4500
003 MPLRDC
005 20220104113520.0
008 210129b ||||| |||| 00| 0 eng d
082 _a848.2 LA-4
100 _a李敖著
245 _a胡适研究
_c
250 _a三版
260 _a
_b远景出版事业公司
_c1980
300 _b
490 _a远景丛刊;141
650 _a现代别集
942 _cBK
_o848.2 LA-4
999 _c244
_d234